000 00779nam a22002177a 4500
005 20180223164002.0
010 _aB-663928
020 _a9788185984568
_c575.00
035 _aB-663928
037 _adpl
_bPansy Books
037 _aDBAD/PUB
082 _aS
100 _aGoldratt, Eliyahu M.
245 _aThe goal :
_ba process of ongoing improvement /
_cby Eliyahu M.Goldratt [and] Jeff Cox
260 _aMadras
_bProductivity and Quality Publishing
_c2015(repr.)
270 _a38,Thanikachalam Road,T. Nagar
_bMadras
_e600017
300 _a342p.
_c23cm(pbk)
700 _aCox,Jeff
942 _2ddc
_cEN
_mGOL
_hS
999 _c150134
_d150134